|
|
|
|
| LEADER |
00000nab a2200000 a 4500 |
| 001 |
vtls001018186 |
| 003 |
SK-MaSNL |
| 005 |
20260303035443.0 |
| 008 |
140301e20001120xo 0 slo |
| 035 |
|
|
|a SN4133
|
| 040 |
|
|
|a SNSK
|b slo
|c SNSK
|e AACR2
|
| 041 |
0 |
|
|a slo
|
| 044 |
|
|
|a xo
|c SK
|
| 080 |
|
|
|a 621.5.041
|2 1981
|
| 100 |
0 |
|
|a (AGS)
|4 aut
|9 840331
|
| 245 |
1 |
0 |
|a Miliónty kompresor z Embraca Slovakia
|b Závod vytvoril vyše 1000 pracovných miest v regióne
|
| 610 |
2 |
7 |
|a Embraco Slovakia (Spišská Nová Ves, Slovensko)
|2 SNSK
|9 1021465
|
| 650 |
0 |
7 |
|a kompresory
|2 SNSK
|9 70312
|
| 650 |
0 |
7 |
|a výroba
|2 SNSK
|9 15916
|
| 651 |
|
7 |
|a Spišská Nová Ves (Slovensko)
|2 SNSK
|9 28800
|
| 710 |
2 |
|
|a Embraco Slovakia, Spišská Nová Ves
|4 aut
|9 1021466
|
| 773 |
0 |
8 |
|t Hospodárske noviny, č.221, 20.11.2000, s. 3
|
| 852 |
|
|
|a ZVYKNI
|b KIS3GCP
|
| 999 |
|
|
|c 1677606
|d 1679536
|